Ballet magic / (Record no. 6056)
[ view plain ]
| 000 -LEADER | |
|---|---|
| fixed length control field | 01122nam a22003017a 4500 |
| 001 - CONTROL NUMBER | |
| control field | 6056 |
| 003 - CONTROL NUMBER IDENTIFIER | |
| control field | FISKH |
| 005 - DATE AND TIME OF LATEST TRANSACTION | |
| control field | 20250303152350.0 |
| 008 - FIXED-LENGTH DATA ELEMENTS--GENERAL INFORMATION | |
| fixed length control field | 250303b cb ||||| |||| 00| 0 eng d |
| 020 ## - INTERNATIONAL STANDARD BOOK NUMBER | |
| International Standard Book Number | 9780140384796 |
| 040 ## - CATALOGING SOURCE | |
| Original cataloging agency | FISKH |
| Language of cataloging | eng |
| Transcribing agency | FISKH |
| Modifying agency | FISKH |
| 050 ## - LIBRARY OF CONGRESS CALL NUMBER | |
| Classification number | PZ7. |
| 082 ## - DEWEY DECIMAL CLASSIFICATION NUMBER | |
| Classification number | 823.9 |
| 100 ## - MAIN ENTRY--PERSONAL NAME | |
| Personal name | Castor, Harriet |
| Dates associated with a name | (1970-) |
| 245 ## - TITLE STATEMENT | |
| Title | Ballet magic / |
| Statement of responsibility, etc. | Harriet Castor ; Illustrated by Chris Fisher |
| 250 ## - EDITION STATEMENT | |
| Edition statement | This edition published in 1999 |
| 260 ## - PUBLICATION, DISTRIBUTION, ETC. | |
| Place of publication, distribution, etc. | London : |
| Name of publisher, distributor, etc. | Puffin, |
| Date of publication, distribution, etc. | 1999. |
| 300 ## - PHYSICAL DESCRIPTION | |
| Extent | 60 pages : |
| Other physical details | color illustrations ; |
| Dimensions | 20 cm |
| 505 ## - FORMATTED CONTENTS NOTE | |
| Formatted contents note | P<br/> |
| 520 ## - SUMMARY, ETC. | |
| Summary, etc. | Jess doesn't think she's going to like ballet - but then she meets her teachers, the magical Miss Ethel and Miss Angelica Twirl. Suddenly she realises that ballet could be much more fun than she ever imagined! With simple words and sentences and pictures throughout, this book is great for developing readers.<br/> |
| 521 8# - TARGET AUDIENCE NOTE | |
| Target audience note | 650<br/> |
| Source | Lexile<br/> |
| 521 8# - TARGET AUDIENCE NOTE | |
| Target audience note | P<br/> |
| Source | Raz-Plus<br/> |
| 650 ## - SUBJECT ADDED ENTRY--TOPICAL TERM | |
| Source of heading or term | Junior |
| Topical term or geographic name entry element | Fiction |
| 650 ## - SUBJECT ADDED ENTRY--TOPICAL TERM | |
| Source of heading or term | No tags |
| Topical term or geographic name entry element | Y9 Year 3 |
| 700 ## - ADDED ENTRY--PERSONAL NAME | |
| Personal name | Fisher, Chris |
| Dates associated with a name | illustrator |
| 942 ## - ADDED ENTRY ELEMENTS (KOHA) | |
| Source of classification or shelving scheme | Dewey Decimal Classification |
| Koha item type | Books |
| Suppress in OPAC | No |
| Withdrawn status | Lost status | Source of classification or shelving scheme | Damaged status | Not for loan | Collection | Home library | Current library | Shelving location | Date acquired | Total Checkouts | Full call number | Barcode | Date last seen | Copy number | Price effective from | Koha item type |
|---|---|---|---|---|---|---|---|---|---|---|---|---|---|---|---|---|
| Dewey Decimal Classification | Juvenile Fiction | Footprints International School Library Network Toul Kork Campus | Footprints International School Library Network Toul Kork Campus | TTP Primary Orange Bookshelves | 03/03/2025 | CAS PZ7 823.9 | 2025-0719 | 03/03/2025 | 1 | 03/03/2025 | Books |
